000
003000000a22001450004500
003
MACL
040
_a
MACL
090
_c
8827
_d
8826
100
_a
Outlook Traveller
245
_a
Himachal
260
_b
Outlook Publishing
_c
2008
350
_a
295
650
_a
Geography & Travels
942
_c
BOOK
_k
910
999
_c
8772
_d
8772